La contaminación del mar ante el Derecho Internacional / (Record no. 123167)

MARC details
000 -LEADER
campo de control de longitud fija 00693nam a2200205 4500
001 - NÚMERO DE CONTROL
campo de control 123167
003 - IDENTIFICADOR DE NÚMERO DE CONTROL
campo de control ES-MaACL
005 - FECHA Y HORA DE LA ÚLTIMA TRANSACCIÓN
campo de control 20250811080714.0
007 - CAMPO FIJO DE DESCRIPCIÓN FÍSICA--INFORMACIÓN GENERAL
campo de control de longitud fija t|
008 - DATOS DE LONGITUD FIJA--INFORMACIÓN GENERAL
campo de control de longitud fija 070214s1971 sp r ||||0| spa d
100 1# - ENTRADA PRINCIPAL--NOMBRE DE PERSONA
Nombre de persona Queneudec, Jean Pierre.
9 (RLIN) 94515
245 13 - MENCIÓN DEL TÍTULO
Título La contaminación del mar ante el Derecho Internacional /
Mención de responsabilidad, etc. Jean Pierre Queneudec ; traducción de Alberto Herrero de la Fuente.
260 ## - PUBLICACIÓN, DISTRIBUCIÓN, ETC.
Lugar de publicación, distribución, etc. Valladolid :
Nombre del editor, distribuidor, etc. Universidad,
Fecha de publicación, distribución, etc. 1971.
300 ## - DESCRIPCIÓN FÍSICA
Extensión 92 p ;
Dimensiones 21 cm.
490 1# - MENCIÓN DE SERIE
Mención de serie Cuaderno `cátedra J. B. Scott`
700 1# - ENTRADA AGREGADA--NOMBRE PERSONAL
Nombre de persona Herrero de la Fuente, Alberto.
9 (RLIN) 63304
830 00 - PUNTO DE ACCESO ADICIONAL DE SERIE-TÍTULO UNIFORME
Título uniforme Cuaderno cátedra J.B. Scott
9 (RLIN) 218907
852 ## - LOCALIZACIÓN
Ubicación ES-MaACL
Número de control de estantería C-46826
Holdings
Estatus retirado Estado de pérdida Estado de daño No para préstamo Biblioteca de origen Biblioteca actual Ubicación en estantería Fecha de adquisición Fuente de adquisición Total de préstamos Signatura topográfica completa Código de barras Visto por última vez Precio de reemplazo Tipo de ítem Koha
        Biblioteca del Ateneo de Madrid Biblioteca del Ateneo de Madrid Depósito 2 17/01/2008     C-46826 1128339 23/02/2023 23/02/2023 Libro impreso